Road nottaken (Record no. 2592)

MARC details
000 -LEADER
fixed length control field 00330nam a2200133Ia 4500
008 - FIXED-LENGTH DATA ELEMENTS--GENERAL INFORMATION
fixed length control field 230503s9999 xx 000 0 und d
082 ## - DEWEY DECIMAL CLASSIFICATION NUMBER
Classification number 915.42
Item number KORR
100 ## - MAIN ENTRY--PERSONAL NAME
Personal name KORANGA,Shailza
245 #0 - TITLE STATEMENT
Title Road nottaken
260 ## - PUBLICATION, DISTRIBUTION, ETC.
Place of publication, distribution, etc. Uttaranchal
Name of publisher, distributor, etc. Uttaranchal Tourism ,India
Date of publication, distribution, etc. 2002
300 ## - PHYSICAL DESCRIPTION
Extent 95
650 ## - SUBJECT ADDED ENTRY--TOPICAL TERM
Topical term or geographic name entry element Indian Geography
942 ## - ADDED ENTRY ELEMENTS (KOHA)
Koha item type Book
Holdings
Withdrawn status Lost status Damaged status Not for loan Collection code Home library Current library Shelving location Date acquired Full call number Barcode Date last seen Price effective from Koha item type
        Non-fiction RIC Library RIC Library General Stacks 05/03/2023 915.42 KORR 001992 05/03/2023 05/03/2023 Book

Venue

Rajasthan International Centre
Sansthan Path,JLN Marg, Jaipur- 302017
Phone: +91-7230904025